|
|
|
|
| LEADER |
01787nam a2200325 a 4500 |
| 001 |
16617 |
| 003 |
BD-DhAAL |
| 008 |
070403s2004 mau 000 0 eng d |
| 010 |
|
|
|a 2007926193
|
| 020 |
|
|
|a 8177225227
|
| 040 |
|
|
|a DLC
|c DLC
|d BD-DhAAL
|
| 082 |
0 |
0 |
|a 658.45
|2 23
|
| 100 |
1 |
|
|a Ober, Scot.
|9 32933
|
| 245 |
1 |
0 |
|a Contemporary business communication /
|c Scot Ober.
|
| 250 |
|
|
|a Fifth edition.
|
| 260 |
|
|
|a Boston, MA :
|b Houghton Mifflin Co.,
|c 2008.
|
| 300 |
|
|
|a 690 pages
|
| 526 |
|
|
|a BBS
|x Dominic Bennett,
Faculty member of BRAC University
|
| 541 |
1 |
|
|e 16617, 16618
|a Book View
|
| 650 |
|
0 |
|a Communication in management.
|9 32934
|
| 650 |
|
0 |
|a Communication in organizations.
|9 32935
|
| 650 |
|
0 |
|a Business communication.
|9 32936
|
| 650 |
|
0 |
|a Business writing.
|9 32937
|
| 852 |
4 |
|
|a Ayesha Abed Library
|c General Stacks
|
| 942 |
|
|
|2 ddc
|c BK
|
| 999 |
|
|
|c 1299
|d 1299
|
| 952 |
|
|
|0 0
|1 0
|2 ddc
|3 Need to change call number
|4 0
|6 650_014000000000000_OBE_2005
|7 0
|9 1182
|a BRACUL
|b BRACUL
|c GEN
|d 2009-06-25
|e Book View
|g 900.00
|l 5
|m 27
|o 650.014 OBE
|p 3010016617
|r 2017-07-25
|s 2017-05-04
|t 1
|v 1800.00
|w 2009-06-25
|y BK
|x Requisitioned by Dominic Bennett, Faculty member of BRAC University.
|
| 952 |
|
|
|0 0
|1 0
|2 ddc
|4 0
|6 658_450000000000000_OBE
|7 0
|9 18052
|a BRACUL
|b BRACUL
|c GEN
|d 2011-09-18
|e Book View
|g 900.00
|l 2
|o 658.45 OBE
|p 3010016618
|r 2012-09-05
|s 2012-05-16
|t 2
|w 2011-09-18
|y BK
|x Requisitioned by Dominic Bennett, Faculty member of BRAC University.
|
| 952 |
|
|
|0 0
|1 0
|2 ddc
|4 0
|6 658_450000000000000_OBE
|7 0
|9 18053
|a BRACUL
|b BRACUL
|c GEN
|d 2011-09-18
|l 6
|m 40
|o 658.45 OBE
|p 3010020676
|r 2023-04-03
|s 2023-03-28
|t 3
|w 2011-09-18
|y BK
|
| 952 |
|
|
|0 0
|1 0
|2 ddc
|3 Need to change call number
|4 0
|6 650_014000000000000_OBE
|7 0
|9 20210
|a BRACUL
|b BRACUL
|c AV
|d 2012-05-19
|l 1
|o 650.014 OBE
|p 4010020676
|r 2012-09-05
|s 2012-05-19
|t 1
|w 2012-05-19
|y AV
|